000 00307nam a22001337a 4500
008 170922b xxu||||| |||| 00| 0 eng d
020 _a9780471215202
041 _aeng
080 _a37
100 _a46
101 _aEDU
245 _aTHE ORGANIC CHEM LAB SURVIVAL MANUAL
_cZUBRICK, J.W
942 _2udc
_cBK
999 _c29287
_d29287